Multiple-Choice-Stadtquiz Hamburg - Statistiken

Allgemein
  • Dieses Quiz wurde 5.314 mal gespielt
    5.312 seit der letzten Aktualisierung
  • Das Durchschnittsergebnis liegt bei 5 aus 10
Antwortstatistiken
Frage Antwort % Korrekt
Welcher Fluss fließt durch Hamburg? Elbe
98%
Hamburg ist Sitz eines internationalen Gerichtshofes. Welcher ist das? Internationaler Seegerichtshof
70%
In welchem Jahr wurde die Elbphilharmonie eröffnet? 2017
62%
Welche bekannte Band begann ihre Karriere mit Auftritten in Hamburger Clubs? The Beatles
56%
Die Köhlbrandbrücke verbindet die Elbinsel Wilhelmsburg mit welchem Autobahnabschnitt? A7
52%
Welches verheerende Ereignis trat 1842 in Hamburg ein? Großer Brand
43%
Was ist das Besondere am Tierpark Hagenbeck? Erster Zoo ohne Gitter
22%
Welche Funktion hat das Chilehaus, das heute UNESCO-Weltkulturerbe ist? Bürogebäude für eine Handelsfirma
20%
Der Hamburger Hafen wird oft als „Tor zur Welt“ bezeichnet. Welches Jahr gilt offiziell als Gründungsjahr des Hafens? 1189
19%
Welcher Bezirk ist flächenmäßig der größte in Hamburg? Bergedorf
17%
Keine übereinstimmenden Quizze gefunden
Verteilung der Resultate
Anzahl Personen mit jedem Resultat
Perzentil nach korrekt beantworteten Fragen
Ihre Resultats-Entwicklung
Sie haben dieses Quiz seit der letzten Aktualisierung nicht gespielt